| 000 | 00843cam a2200265 4500 | ||
|---|---|---|---|
| 008 | 030318n2003 000 0 eng u | ||
| 020 | _a0470852895 | ||
| 035 | _a(Sirsi) u121663 | ||
| 041 | _aeng | ||
| 050 |
_a690.68 _c21 |
||
| 100 | _aWoudhuysen, James | ||
| 245 | _aWhy is construction so backward? | ||
| 260 |
_aChichester _bWiley _c2003 |
||
| 300 |
_axiv, 321p. _c25cm. |
||
| 350 | _a24.95 | ||
| 520 | _aAnalyses the political relevence of construction. Examines areas such as: the construction industry; government policy and initiatives; urban regneneration and policy; and architecture. | ||
| 650 | _aARCHITECTURE | ||
| 650 | _aINNOVATION | ||
| 650 | _aPOLITICS | ||
| 650 | _aBUILT ENVIRONMENT-CONSTRUCTION DESIGN | ||
| 650 | _aURBAN PLANNING | ||
| 690 | _aBUILT ENVIRONMENT | ||
| 700 | _aAbley, Ian | ||
| 942 | _n0 | ||
| 999 |
_c102696 _d102696 |
||